000 00212 a2200109 4500
020 _a9780673758729
041 _aspa
100 _aTatler, Sarah
245 _aCriaturas digitales
942 _cBK
999 _c29668
_d29666
999 _d29666